000 00595nam a22001817a 4500
005 20151020085803.0
008 151020b xxu||||| |||| 00| 0 eng d
050 _aDT2405.C36
_bS559
100 _aShone, Thomas
_920290
245 _aThe Albany journals of Thomas Shone
_cby Shone, Thomas
260 _aCape Town
_bMaskew Miller Longman
_c1992
300 _axviii, 303p.;
_c23cm.
440 _aThe Graham's Town Series
_nno. 2
_920291
600 _aShone, Thomas
_vDiaries
_920292
651 _aCape Town
_xHistory
_920293
700 _aSilva, Penelope
_eed.
_920294
942 _2lcc
_cMONOGRAPH
999 _c123522
_d123522